Understanding Business
Na minha lista:
| Autor principal: | |
|---|---|
| Outros Autores: | , |
| Formato: | Livro |
| Idioma: | inglês |
| Publicado em: |
Homewood
IRWIN
1990
|
| Edição: | 2. ed. |
| Assuntos: | |
| Tags: |
Sem tags, seja o primeiro a adicionar uma tag!
|
MARC
| LEADER | 00000nam a2200000 4500 | ||
|---|---|---|---|
| 001 | c009608 | ||
| 005 | 20221206123054.2 | ||
| 020 | |a 0-256-07623-5 | ||
| 041 | 0 | |a eng | |
| 044 | |a US | ||
| 245 | 1 | 0 | |a Understanding Business |c William G. Nickels, James M. MacHugh, Susan M. MacHugh |
| 250 | |a 2. ed. | ||
| 264 | 1 | |a Homewood |b IRWIN |c 1990 | |
| 300 | |a 801 s. | ||
| 610 | 2 | 0 | |a podnikanie |
| 610 | 2 | 0 | |a podnik |
| 610 | 2 | 0 | |a obchod |
| 610 | 2 | 0 | |a marketing |
| 610 | 2 | 0 | |a manažment |
| 610 | 2 | 0 | |a zdroje ľudské |
| 610 | 2 | 0 | |a účtovníctvo |
| 610 | 2 | 0 | |a etika |
| 610 | 2 | 0 | |a obchod medzinárodný |
| 100 | 1 | |a Nickels, William G. | |
| 700 | 1 | |a MacHugh, James M. | |
| 700 | 1 | |a MacHugh, Susan M. | |